[Event "BCF-chT 0001 (4NCL)"]
[Site "Birmingham"]
[Date "2001.01.28"]
[Round "6.3"]
[White "Zeidler, Sven P"]
[Black "Johnstone, Paul Ellis"]
[Result "1-0"]
[WhiteElo "2284"]
[BlackElo "2299"]
[PlyCount "93"]
[EventDate "2000.09.??"]
[EventType "team-tourn"]
[EventRounds "11"]
[EventCountry "ENG"]
[SourceTitle "EXT 2002"]
[Source "ChessBase"]
[SourceDate "2001.11.25"]
[SourceVersion "1"]
[SourceVersionDate "2001.11.25"]
[SourceQuality "1"]
[WhiteTeam "SW Dragons"]
[BlackTeam "RIC"]
[WhiteTeamCountry "ENG"]
[BlackTeamCountry "ENG"]

1. e4 c5 2. Nc3 e6 3. f4 d5 4. Nf3 d4 5. Ne2 Nf6 6. d3 Nc6 7. c3 dxc3 8. bxc3 c4 9. Ned4 Nxd4 10. Nxd4 Bd7 11. Qc2 cxd3 12. Bxd3 Rc8 13. Rb1 Bc5 14. Qe2 0-0 15. 0-0 Bc6 16. Bb2 Qe7 17. Kh1 g6 18. Nxc6 Rxc6 19. g4 Rd8 20. Rbd1 Ba3 21. Ba1 Nd7 22. Bb5 Rcc8 23. c4 Nc5 24. Qc2 Rxd1 25. Rxd1 Rd8 26. Kg2 Rxd1 27. Qxd1 a6 28. Ba4 e5 29. Bxe5 f6 30. Qd5+ Qf7 31. Bd6 Ne6 32. f5 gxf5 33. exf5 Bxd6 34. Qxd6 Nf8 35. Bb3 Kg7 36. Qd5 Qe7 37. Kf1 Kh6 38. h4 Qe3 39. g5+ fxg5 40. Qd6+ Kh5 41. Qxf8 Qd3+ 42. Ke1 Qc3+ 43. Ke2 Kxh4 44. Qc5 Qb2+ 45. Kd3 g4 46. Qe7+ Kg3 47. f6 1-0

[Event "BCF-chT 9899 (4NCL)"]
[Site "England"]
[Date "1999.01.23"]
[Round "5.5"]
[White "Johnstone, Paul Ellis"]
[Black "Kosten, Anthony C"]
[Result "0-1"]
[WhiteElo "2300"]
[BlackElo "2502"]
[PlyCount "42"]
[EventDate "1998.10.??"]
[EventType "team-tourn"]
[EventRounds "11"]
[EventCountry "ENG"]
[SourceTitle "EXT 2000"]
[Source "ChessBase"]
[SourceDate "1999.11.16"]
[SourceVersion "1"]
[SourceVersionDate "1999.11.16"]
[SourceQuality "1"]
[WhiteTeam "Richmond"]
[BlackTeam "Slough"]
[WhiteTeamCountry "ENG"]
[BlackTeamCountry "ENG"]

1. c4 e5 2. Nc3 Nf6 3. e3 Bb4 4. Nge2 0-0 5. a3 Bxc3 6. Nxc3 d5 7. cxd5 Nxd5 8. Qc2 Nc6 9. Bd3 Kh8 10. Nxd5 Qxd5 11. 0-0 f5 12. b4 Be6 13. b5 Na5 14. e4 fxe4 15. Bxe4 Qxb5 16. Bxh7 Rad8 17. Rb1 Bb3 18. Rxb3 Nxb3 19. Be4 Nd4 20. Qd1 Qe2 21. Bxb7 Rb8 0-1

[Event "BCF-chT 9798 (4NCL)"]
[Site "England"]
[Date "1997.11.23"]
[Round "4.5"]
[White "Lalic, Susan"]
[Black "Johnstone, Paul Ellis"]
[Result "1/2-1/2"]
[WhiteElo "2375"]
[BlackElo "2295"]
[PlyCount "88"]
[EventDate "1997.11.??"]
[EventType "team-tourn"]
[EventRounds "11"]
[EventCountry "ENG"]
[SourceTitle "CBM 064 Extra"]
[Source "ChessBase"]
[SourceDate "1998.07.07"]
[SourceVersion "1"]
[SourceVersionDate "1998.07.07"]
[SourceQuality "1"]
[WhiteTeam "Slough"]
[BlackTeam "Richmond"]
[WhiteTeamCountry "ENG"]
[BlackTeamCountry "ENG"]

1. e4 c5 2. c3 e6 3. d4 d5 4. e5 Nc6 5. Nf3 Nge7 6. Bd3 cxd4 7. cxd4 Nf5 8. Bxf5 exf5 9. Nc3 Be6 10. h4 h6 11. Kf1 Be7 12. Ne2 Qb6 13. Nf4 g6 14. g3 0-0-0 15. Kg2 Kb8 16. Ne2 Rdg8 17. b3 Qd8 18. Qd2 Rg7 19. Nf4 g5 20. Nh5 Rg6 21. Nf6 f4 22. h5 Rg7 23. g4 Bxf6 24. exf6 Rgg8 25. Ne5 Nxe5 26. dxe5 Bxg4 27. Ba3 Qd7 28. Bd6+ Ka8 29. Rac1 Bxh5 30. f3 Bg6 31. Rc7 Qb5 32. Rhc1 g4 33. fxg4 Bf5 34. Kh2 Rxg4 35. e6 Rh4+ 36. Kg1 Rg8+ 37. Kf2 Bxe6 38. Bxf4 Rhg4 39. Kf3 d4 40. Qxd4 Bd5+ 41. Ke3 Be6 42. Qd6 Qb6+ 43. Qxb6 axb6 44. b4 Rg2 1/2-1/2